| 000 | 01229nam a22002057a 4500 | ||
|---|---|---|---|
| 001 | 2304 | ||
| 005 | 20250828130309.0 | ||
| 020 | _a9781740898287 | ||
| 040 |
_aFISKH _beng _cFISKH _dFISKH |
||
| 050 | _aPZ7 | ||
| 082 | _a552 | ||
| 100 | _aRyan, Denise | ||
| 245 |
_aHot rocks / _cDenise Ryan |
||
| 250 | _aThis edition created exclusively for McGraw-Hill Education (Asia) | ||
| 260 |
_aSydney : _bWeldon Owen Pty, _c2008 |
||
| 300 |
_a32 pages : _billustrations ; _c23 cm |
||
| 490 |
_aTop Readers _vStag 2 |
||
| 520 | _aThese books are designed for children who recognise familiar words with ease, and are developing a range of word attack skills. There are varied, simple sentence patterns, many familiar objects and actions, and illustrations that provide moderate to high support. Some specialised vocabulary is introduced in this stage. A series of beautifully designed, fact-filled books, richly illustrated with a wealth of accurate, full-colour illustrations, intriguing diagrams, cross sections and cutaways. The text has been carefully leveled to support children's reading development. Ideal to help all beginner readers gain confidence while they practice their reading skills enthusiastically. | ||
| 942 |
_2ddc _cBK _n0 |
||
| 999 |
_c2304 _d2304 |
||